<?xml version="1.0" encoding="UTF-8"?>
<record
    xmlns:xsi="http://www.w3.org/2001/XMLSchema-instance"
    xsi:schemaLocation="http://www.loc.gov/MARC21/slim http://www.loc.gov/standards/marcxml/schema/MARC21slim.xsd"
    xmlns="http://www.loc.gov/MARC21/slim">

  <leader>02886nam a2200265 a 4500</leader>
  <controlfield tag="001">000030235</controlfield>
  <controlfield tag="005">20200930060145.0</controlfield>
  <controlfield tag="008">110505s1999    dr ad         000 0 spa d</controlfield>
  <datafield tag="020" ind1=" " ind2=" ">
    <subfield code="a">9211270545</subfield>
  </datafield>
  <datafield tag="040" ind1=" " ind2=" ">
    <subfield code="a">DO-SdBNP</subfield>
    <subfield code="b">spa</subfield>
    <subfield code="c">BNPHU</subfield>
  </datafield>
  <datafield tag="041" ind1=" " ind2=" ">
    <subfield code="a">spa</subfield>
    <subfield code="h">eng</subfield>
  </datafield>
  <datafield tag="082" ind1=" " ind2=" ">
    <subfield code="a">305.42</subfield>
    <subfield code="b">A265g</subfield>
  </datafield>
  <datafield tag="245" ind1="0" ind2="0">
    <subfield code="a">Ageing in a gendered world :</subfield>
    <subfield code="b">women&#xB4;s issues and identities.</subfield>
  </datafield>
  <datafield tag="260" ind1=" " ind2=" ">
    <subfield code="a">Santo Domingo :</subfield>
    <subfield code="b">INSTRAW,</subfield>
    <subfield code="c">1999.</subfield>
  </datafield>
  <datafield tag="300" ind1=" " ind2=" ">
    <subfield code="a">391 p. :</subfield>
    <subfield code="b">il., diagrs. ;</subfield>
    <subfield code="c">23 cm.</subfield>
  </datafield>
  <datafield tag="505" ind1="0" ind2=" ">
    <subfield code="g">Introduction: ageing as a women's issue</subfield>
    <subfield code="t">International initiatives on ageing /</subfield>
    <subfield code="r">Antony de Bono --</subfield>
    <subfield code="g">Section 1: ageing and pension policies in Gendered society --</subfield>
    <subfield code="t">Women and old-age income security in the United States /</subfield>
    <subfield code="r">Laura Katz Olson --</subfield>
    <subfield code="t">Women in the development of the Japanese welfare state /</subfield>
    <subfield code="r">Misa Izuhara --</subfield>
    <subfield code="t">Women's pensions and the impact of privatization in Britain /</subfield>
    <subfield code="r">Jay Ginn and Sara Arber --</subfield>
    <subfield code="t">Life-cycle income and motherhood: simulations for British women of the 1990s /</subfield>
    <subfield code="r">Hugh Davies, Heather Joshi and Romana Peronaci --</subfield>
    <subfield code="t">The effect of disadvantages in early career on later career outcomes: a Canadian case study /</subfield>
    <subfield code="r">Isik Urla Zeytinoglu and Caroline L. Weber --</subfield>
    <subfield code="t">Gender-based barriers to career development in Australia /</subfield>
    <subfield code="r">Russell Rimmer --</subfield>
    <subfield code="g">Section 2 : Care and Care-giving in family and community --</subfield>
    <subfield code="t">Caring women, cared-for women: the discourse of care-giving in Italy /</subfield>
    <subfield code="r">Isabella Paoletti --</subfield>
    <subfield code="t">Repeating what you sow? Older women, housing and family dynamics in urban Mexico /</subfield>
    <subfield code="r">Ann Varley and Maribel Blasco --</subfield>
    <subfield code="t">Family Support Systems and Older Women in Sub-Saharan Africa /</subfield>
    <subfield code="r">Irene Zeilinger --</subfield>
    <subfield code="t">Older women in transitions in Estonia: continuing care-givers /</subfield>
    <subfield code="r">Silva Tedre and Tiami Tulva --</subfield>
    <subfield code="t">Old age, gender and marginality in Peru: development for the elderly /</subfield>
    <subfield code="r">Fiona Clark --</subfield>
    <subfield code="t">Caring for the care-givers: challenges for Italian social policy /</subfield>
    <subfield code="r">Giovanni Lamura, Maria Gabriella Melchiorre, Massimo Mengani --</subfield>
    <subfield code="t">Gendered aspects of caring for older persons in Europe: policy data requirements /</subfield>
    <subfield code="r">Tatiana Sikoska</subfield>
  </datafield>
  <datafield tag="505" ind1="0" ind2=" ">
    <subfield code="g">Section 3 : Beyond care-giving: identity and empowerment --</subfield>
    <subfield code="t">Identity, culture and older women /</subfield>
    <subfield code="r">Noeleen O'Beirne --</subfield>
    <subfield code="t">Silencing the voices of older women /</subfield>
    <subfield code="r">Rachel Siegel --</subfield>
    <subfield code="t">Gendered living environments for the elderly in Turkey and Sweden /</subfield>
    <subfield code="r">E. Olcay &#xCD;mamoglu and Vacit &#xCD;mamoglu --</subfield>
    <subfield code="t">Navigating in unknown waters: Canadian widows negotiating relationsh /</subfield>
    <subfield code="r">Deborah K. van den Hoonaard --</subfield>
    <subfield code="t">Age, migration, gender and empowerment: older migrant women in Europe /</subfield>
    <subfield code="r">Gail Wilson ... [et al.].</subfield>
  </datafield>
  <datafield tag="590" ind1=" " ind2=" ">
    <subfield code="a">Inventariado, 2018/VM</subfield>
  </datafield>
  <datafield tag="650" ind1=" " ind2="4">
    <subfield code="a">Mujeres</subfield>
    <subfield code="x">Condiciones sociales</subfield>
    <subfield code="9">2063</subfield>
  </datafield>
  <datafield tag="650" ind1=" " ind2="4">
    <subfield code="a">Pensiones a la vejez</subfield>
    <subfield code="9">11122</subfield>
  </datafield>
  <datafield tag="650" ind1=" " ind2="4">
    <subfield code="a">Envejecimiento</subfield>
    <subfield code="9">56924</subfield>
  </datafield>
  <datafield tag="650" ind1=" " ind2="4">
    <subfield code="a">Salud de la mujer</subfield>
    <subfield code="9">37714</subfield>
  </datafield>
  <datafield tag="710" ind1="2" ind2=" ">
    <subfield code="a">United Nations International Research and Training Institute for the Advancement of Women</subfield>
    <subfield code="9">56925</subfield>
  </datafield>
  <datafield tag="910" ind1=" " ind2=" ">
    <subfield code="a">Validado. Control de calidad MFF</subfield>
  </datafield>
  <datafield tag="952" ind1=" " ind2=" ">
    <subfield code="0">0</subfield>
    <subfield code="1">0</subfield>
    <subfield code="7">1</subfield>
    <subfield code="8">PD</subfield>
    <subfield code="a">PD</subfield>
    <subfield code="b">PD</subfield>
    <subfield code="c">HD</subfield>
    <subfield code="d">2011-05-05</subfield>
    <subfield code="i">LF1</subfield>
    <subfield code="l">0</subfield>
    <subfield code="o">305.42 A265g</subfield>
    <subfield code="p">30235-10</subfield>
    <subfield code="r">2020-06-25</subfield>
    <subfield code="w">2020-06-25</subfield>
    <subfield code="y">LFPD</subfield>
    <subfield code="Z">No se presta</subfield>
  </datafield>
  <datafield tag="999" ind1=" " ind2=" ">
    <subfield code="c">29727</subfield>
    <subfield code="d">29727</subfield>
  </datafield>
</record>
